Súčasný stav a potreba obnovy podzemných vedení vodovodov a kanalizácií
Základné informácie o potrebe obnovy vodovodných potrubí a stokových sietí verejných vodovodov a kanalizácií na Slovensku z hľadiska súčasného a výhľadového stavu. Spôsoby renovácie a výmeny týchto podzemných vedení. Kvantifikácia potrieb obnovy vodovodných potrubí a stôk.
Salvato in:
| Autore principale: | |
|---|---|
| Natura: | Libro |
| Lingua: | slovacco |
| Soggetti: | |
| Tags: |
Nessun Tag, puoi essere il primo ad aggiungerne!!
|
MARC
| LEADER | 00000nam a2200000 4500 | ||
|---|---|---|---|
| 001 | r031122 | ||
| 005 | 20230925114538.5 | ||
| 041 | 0 | |a slo | |
| 044 | |a SK | ||
| 245 | 1 | 0 | |a Súčasný stav a potreba obnovy podzemných vedení vodovodov a kanalizácií |c Ján Pašek |
| 520 | |a Základné informácie o potrebe obnovy vodovodných potrubí a stokových sietí verejných vodovodov a kanalizácií na Slovensku z hľadiska súčasného a výhľadového stavu. Spôsoby renovácie a výmeny týchto podzemných vedení. Kvantifikácia potrieb obnovy vodovodných potrubí a stôk. | ||
| 610 | 2 | 0 | |a vodovody |
| 610 | 2 | 0 | |a kanalizácia |
| 610 | 2 | 0 | |a potrubie |
| 610 | 2 | 0 | |a rekonštrukcia |
| 610 | 2 | 0 | |a údržba |
| 610 | 2 | 0 | |a Slovensko |
| 610 | 2 | 0 | |a 1998 |
| 100 | 1 | |a Pašek, Ján | |